000 01313nam a22003617a 4500
001 0008255
003 KOHA_MİRAKIL
005 20260207001627.0
007 ta
008 091009b1989 tu |||gr||||#0|||0|tur |
020 _a9751601533
_cTL5
040 _aTR-BiSEU
_btur
_cTR-BiSEU
_erda
041 0 _atur
044 _ctu
050 _aDR498
_b.G39 1989
245 0 _aGazavat-ı Sultan Murad b. Mehemmed Han :
_bİzladi ve Varna Savaşları (1443-1444) üzerine bir gazavatname/
_cyayınlayanlar Halil İnalcık, Mevlud Oğuz.
250 _a
264 1 _aAnkara :
_bAtatürk Kültür, Dil ve Tarih Yüksek Kurumu Türk Tarih Kurumu
_c1989
300 _aviii, 133 sayfa; 25 cm.
336 _ametin
_btxt
_2rdacontent
337 _aaracısız
_bn
_2rdamedia
338 _acilt
_bnc
_2rdacarrier
490 1 _aAtatürk Kültür, Dil ve Tarih Yüksek Kurumu Türk Tarih Kurumu yayınları XVIII ;
_vDizi-Sa.
490 1 _a1.
500 _aKaynakça ve dizin var.
650 0 _aTurkey--History 1288-1454.
_920483
650 0 _aMurad II, Sultan of Turks, 1404-1451.
_920484
650 0 _aTürkiye--Tarih 1288-1454.
_920485
830 1 _aAtatürk Kültür, Dil ve Tarih Yüksek Kurumu Türk Tarih Kurumu yayınları XVIII ;
_vDizi-Sa.
_920486
830 1 _a1.
_92570
907 _aTarih
942 _2lcc
_cBK
999 _c8227
_d8227